000 00464nam a2200133Ia 4500
008 100328s9999 xx 000 0 und d
082 _b33612
100 _aमोहाडीकर लिना
245 _aकामविश्व संसारिकांचे
260 _bमेनका
630 _aकामविश्व संसारिकांचे
730 _aकामविश्व संसारिकांचे
942 _cBOOK
999 _c524003
_d524000